000 02382nam a2200409 c 4500
003 BLK
005 20230404161547.0
008 180408b bul|||||r ||||||| ||bul||
010 _aKNG00081434000
020 _a978-954-91552-5-9
_bиздат.: Инст. по европ. право
040 _aBLK
041 _aBUL
_cBUL
072 7 _2bullib
_aЕ
_xКартотека "Европейски съюз"
080 _aРегионални обединения на държавите. ЕС(правни аспекти), Европейска общност за въглища и стомана и др.
_b341.17
_x(4)(063)
_z341.17(4)(063)
080 _aОсновни права. Права на човека. Права и задължения на гражданите. Право на информация, на убежище. Принадлежност към държава, свобода на личността, гражданскоправно, политическо равенство, на
_b342.7
_x(4-6)(063)
_z342.7(4-6)(063)
700 1 _aСемов, Атанас Марков
_d1970-
_gюрист
_9367935
700 1 _aГрекова, Зорница Емилова
_eпрев.
_9371958
700 1 _aШопова, Павлина
_eпрев.
_9298114
139 _aЕвропа като правова държава
_bЕ 20
245 1 0 _aЕвропа като правова общност
_bЕвропейска младежка среща София/Силистра, 17-25 авг. 2006
_cсъстав. и ред. Атанас Марков Семов; прев. Зорница Емилова Грекова; прев. Павлина Шопова.
257 _aBGR
260 София
_bИнст. по европ. право
_c2007
300 _a326 с., 4 л.
_bсн.
_c20 см
380 _a3
490 1 _aБиблиотека Студии по Европейско право
500 _aБиблиогр. под линия и след някои докл.
650 4 _aЕвропейски съюз - правни проблеми
_9248178
650 4 _aЕвропейска общност - правни въпроси
_9243771
653 _aправо
653 _aглобализация
659 _aЕ
852 _aЦб 238364
856 4 _qpdf
_u
856 4 _qpdf
_u
942 _cKNG
_n0
_03
944 _aCR
_c15.02.2008
_kВаля_Йорданова
944 _aED
_c25.01.2010
_k
999 _c76997
_d76997